Statistics for Fix You - Coldplay (Lyrics)

Click here to take the quiz!

General Stats

  • This quiz has been taken 5,746 times
  • The average score is 12 of 15

Answer Stats

Hint Answer % Correct
When you get what you ___, but not what you ___.want need
97%
When you try your ___, but you don't ______.best succeed
95%
And I will __, to fix __.try you
95%
____ will guide you home,Lights
92%
____ in reverse.Stuck
92%
And the tears come _______ down your face.streaming
91%
And _____ your bones,ignite
86%
Could it be ____?worse
85%
When you ___ someone but it goes to _____.love waste
82%
When you ___ something you can't ______.lose replace
80%
When you feel so ____, but you can't ____.tired sleep
79%
__ if you ____ try, you'll never ____.But never know
73%
High up above __ down below.or
73%
____ you're too in ___ to let it go.When love
68%
Just ___ __ ___.what you're worth
41%

Score Distribution

Percentile by Number Answered

Percent of People with Each Score

Your Score History

You have not taken this quiz